MARC details
| 000 -CABECERA |
| campo de control de longitud fija |
01184nam a2200253 a 4500 |
| 001 - NÚMERO DE CONTROL |
| campo de control |
000041944 |
| 005 - FECHA Y HORA DE LA ÚLTIMA TRANSACCIÓN |
| campo de control |
20201002035838.0 |
| 008 - DATOS DE LONGITUD FIJA--INFORMACIÓN GENERAL |
| campo de control de longitud fija |
131028s2003 sp 000 0 spa d |
| 020 ## - NÚMERO INTERNACIONAL ESTÁNDAR DEL LIBRO |
| Número Internacional Estándar del Libro |
8484831485 |
| 040 ## - FUENTE DE LA CATALOGACIÓN |
| Centro catalogador/agencia de origen |
DO-SdBNP |
| Lengua de catalogación |
spa |
| Centro/agencia transcriptor |
BNPHU |
| 100 1# - ENTRADA PRINCIPAL--NOMBRE DE PERSONA |
| Nombre de persona |
Calvet d'Estrella, Joan Cristòfol, |
| Fechas asociadas al nombre |
1505-1593 |
| 9 (RLIN) |
68857 |
| 245 14 - MENCIÓN DE TÍTULO |
| Título |
La Vacaida / |
| Mención de responsabilidad, etc. |
Juan Cristóbal Calvete de Estrella ; introducción, edición crítica, traducción anotada e índice a cargo de Manuel Antonio Díaz Gito ; prólogo de Jesús Paniagua Pérez. |
| 260 ## - PUBLICACIÓN, DISTRIBUCIÓN, ETC. |
| Lugar de publicación, distribución, etc. |
Madrid : |
| Nombre del editor, distribuidor, etc. |
Instituto de Estudios Humanísticos |
| -- |
CSIC, |
| Fecha de publicación, distribución, etc. |
2003. |
| 300 ## - DESCRIPCIÓN FÍSICA |
| Extensión |
clxxxviii, 362 p. ; |
| Dimensiones |
25 cm. |
| 490 1# - MENCIÓN DE SERIE |
| Mención de serie |
Colección de textos y estudios humanisticos |
| -- |
Textos |
| 504 ## - NOTA DE BIBLIOGRAFÍA, ETC. |
| Nota de bibliografía, etc. |
Incluye referencias bibliográficas y notas al pie de las páginas |
| 500 ## - NOTA GENERAL |
| Nota general |
Incluye datos biográficos del autor en la solapa de la cubierta |
| 500 ## - NOTA GENERAL |
| Nota general |
Incluye índice |
| 700 1# - PUNTO DE ACCESO ADICIONAL--NOMBRE DE PERSONA |
| Nombre de persona |
Cuartero Sancho, María Pilar |
| 9 (RLIN) |
68858 |
| 700 1# - PUNTO DE ACCESO ADICIONAL--NOMBRE DE PERSONA |
| Nombre de persona |
Díaz Gito, Manuel Antonio |
| Término indicativo de función/relación |
ed. |
| 9 (RLIN) |
68859 |
| 700 1# - PUNTO DE ACCESO ADICIONAL--NOMBRE DE PERSONA |
| Nombre de persona |
Paniagua Pérez, Jesús |
| Término indicativo de función/relación |
pról. |
| 9 (RLIN) |
68860 |
| 710 2# - PUNTO DE ACCESO ADICIONAL--NOMBRE DE ENTIDAD CORPORATIVA |
| Nombre de entidad corporativa o nombre de jurisdicción como elemento de entrada |
Instituto de Estudios Humanísticos |
| 9 (RLIN) |
51235 |
| 830 #0 - PUNTO DE ACCESO ADICIONAL DE SERIE-TÍTULO UNIFORME |
| Título uniforme |
Colección de textos y estudios humanísticos |
| Designación de volumen o secuencia |
Textos |
| 9 (RLIN) |
68861 |